000 00424cam a22001814a 4500
005 20250605164258.0
008 250528s ||||||||||||||||||||||||d
035 _a21950
040 _aGR-AtMCL
_bgre
_dGR-AtMCL
_eAACR2
245 1 _aTHE STRUCTURE OF THE NOVEL
250 _a2
260 _bThe Hogarth Press,
_c1957
300 _a151
700 1 _aMuir Edwin
_97833
942 _cBK
999 _c7007
_d7007